Villes du Canada en images - Statistiques

Statistiques générales
  • Ce quiz a été pris 106 fois
  • Le résultat moyen est 8 sur 15
Statistiques - réponses
Par images Réponse % Correct
Toronto
99%
Québec
91%
Montréal
83%
Vancouver
77%
Ottawa
71%
Niagara Falls
57%
Calgary
56%
Edmonton
55%
Winnipeg
43%
Halifax
37%
Regina
26%
Saint-Jean
26%
Yellowknife
26%
Saskatoon
23%
Iqaluit
21%
Aucun quiz correspondant
Distribution des résultats
% des personnes avec chaque résultat
Percentile par nombre de réponses
Votre historique - résultats
Vous n’avez pas pris ce quiz